Corea

I tiakina i:
Ngā taipitopito rārangi puna kōrero
Kaituhi rangatōpū: ProChile (Author)
Hōputu: Pukapuka
Reo:Pāniora
I whakaputaina: Santiago ProChile 1990
Rangatū:Documentos País
Ngā marau:
Ngā Tūtohu: Tāpirihia he Tūtohu
Kāore He Tūtohu, Me noho koe te mea tuatahi ki te tūtohu i tēnei pūkete!

MARC

LEADER 00000nam a2200000 a 4500
001 UCQ2622
003 CL-VaPUC
008 980724e19900000CL |||||||||||||||||spa|d
082 0 4 |a 382  |b PRO  |2 21 
110 2 |a ProChile  |e author  |9 416633 
245 1 0 |a Corea 
300 |a 58 p 
942 |c BK 
945 |d 19980724 00:00:00  |a aarredon 
260 |a Santiago  |b ProChile  |c 1990 
650 0 |a Economía internacional  |9 258254 
650 0 |a Política comercial  |9 259070 
650 7 |a EXPORTACIONES  |2 CL-VaPUC  |9 255382 
650 7 |a COMERCIO INTERNACIONAL  |2 CL-VaPUC  |9 416634 
650 7 |a MERCADOS INTERNACIONALES  |2 CL-VaPUC  |9 403658 
651 7 |a COREA  |2 CL-VaPUC  |9 317315 
583 |a last modification  |c 19980724 00:00:00  |k Rodrigo Vera 
490 0 |a Documentos País 
999 |c 273416  |d 273414 
952 |0 0  |1 0  |4 0  |6 382_000000000000000_PRO_1990  |7 0  |8 A  |9 308954  |a BIBGIM  |b BIBGIM  |d 2019-11-20  |i 3433285  |o 382 PRO 1990  |p 3433285  |r 2025-01-15  |w 2019-11-20  |y BK  |k GIM